000 01853cam a22004814i 4500
003 PE-LiUPU
005 20250731172828.0
008 130118s2012 sp | |||| 000 0 spa
020 _a9788422016151
035 _a(Sirsi) i9788422016151
040 _aPE-LiUPU
_bspa
_cPE-LiUPU
_erda
049 _aPRUA
082 0 4 _a220.92
_bM32
100 1 _aMayoral, Juan Antonio
_q(Mayoral López),
_eautor.
245 1 4 _aLos rostros de Dios en la Biblia :
_bteología bíblica para meditar /
_cJuan Antonio Mayoral.
264 1 _aMadrid :
_bBiblioteca de Autores Cristiano,
_c2012.
300 _axxiv, 230 páginas ;
_c21 centímetros.
336 _atext
_2rdacontent
337 _aunmediated
_2rdamedia
338 _avolume
_2rdacarrier
490 0 _aEstudios y ensayos BAC ;
_v140.
_aTeología.
505 0 _aAdán y Eva , imagen y semejanza del Creador. Abrahán y Sara, bendecidos por el Dios protector. Moisés y el don de la ley. Noemí, Rut, Ana y el amparo de Dios. David, de pastor a rey. Elías, profeta del Dilos único. Oses, un marido despechado.
526 _aSEG42
526 _aSEG41
526 _aSEG40
526 _aSEG39
526 _aP94
526 _aP87
526 _aP86
526 _aP85
526 _aP77
526 _aP76
526 _aP35
650 1 4 _aDios
_vMeditaciones.
650 1 4 _aPersonajes bíblicos
_vMeditaciones.
910 _bjv
942 _2ddc
_cBOOK
949 _a220.92 M32
_wDEWEY
_c1
_i69496
_lCCODEBUL1
_mBUL
_p26.00
_r0
_sY
_tBOOK
_u2015-7-6
_xTEOLOGIA
_PP35
_0COMPRA
_o.STAFF. Colección General
994 _aC0
_bPEPRU
596 _a1
999 _a220.92 M32
_wDEWEY
_c6032
_i69496
_d6032
_f2021-11-9
_g5
_lCCODEBUL1
_mBUL
_p26.00
_q1
_r0
_sY
_tBOOK
_u2015-7-6
_xTEOLOGIA
_PP35
_0COMPRA
_o.STAFF. Colección General
980 _81
_gALBERTO SANCHEZ Responsable de Automatización